| 000 | 00660nam a2200193Ii 4500 | ||
|---|---|---|---|
| 003 | JO-AjNU | ||
| 008 | 230605s9999||||xx |||||||||||||| ||und|| | ||
| 040 |
_aJO-AjNU _bara _erda _cJO-AjNU |
||
| 041 | _aara | ||
| 050 | 1 | 4 | _aHF5686.P3.K4 1981 |
| 100 | 3 |
_aتأليف عبدالله، خالد امين, _eauthor _940668 |
|
| 245 | 0 | 0 | _aمحاسبة النفط |
| 264 | 3 | 1 | _aعمان: المؤلف، 1981 |
| 300 |
_a236ص _bيحتوي على ببلوغرافية من ص233-236ص |
||
| 336 |
_atext _btxt _2rdacontent |
||
| 337 |
_aunmediated _bn _2rdamedia |
||
| 338 |
_avolume _bnc _2rdacarrier |
||
| 650 | 4 |
_aالمحاسبة المالية -النفط _940669 |
|
| 999 |
_aA17278 _c20846 _d20846 |
||